Tras mutación del cover : (poemas liberados) : autoanalogía modificada de poema míos y de otros por mi queridos /

Bibliographic Details
Main Author: Milán, Eduardo, 1952- (Author)
Format: Electronic eBook
Language:Spanish
Published: Cuenca, Ecuador : Universidad del Azuay, Casa Editora, [2025]
Series:Litterae (Cuenca, Ecuador). Poesía.
Subjects:
Online Access:Digitalia Hispánica

MARC

LEADER 00000nam a2200000 i 4500
001 DIGUAZUAY0322
003 NyNyDIG
007 cr |||||||||||
008 260121s2025 ec o 000 p spa d
006 m o d
035 |a (OCoLC)1569883868 
040 |a DGITA  |b eng  |e rda  |e pn  |c DGITA 
020 |a 9789942557252  |q eBook 
020 |z 9789942577245 
050 1 4 |a PQ8520.23.I37 ebook 
100 1 |a Milán, Eduardo,  |d 1952-  |e author. 
245 1 0 |a Tras mutación del cover :  |b (poemas liberados) : autoanalogía modificada de poema míos y de otros por mi queridos /  |c Eduardo Milán. 
264 1 |a Cuenca, Ecuador :  |b Universidad del Azuay, Casa Editora,  |c [2025] 
300 |a 1 online resource. 
336 |a text  |b txt  |2 rdacontent 
337 |a computer  |b c  |2 rdamedia 
338 |a online resource  |b cr  |2 rdacarrier 
347 |a text file  |2 rdaft 
347 |b PDF 
490 1 |a Litterae. Poesía 
588 0 |a Online resource; title from PDF title page (Digitalia, viewed January 21, 2026) 
655 7 |a Poetry.  |2 lcgft 
791 2 |a Digitalia (Firm),  |e distributor. 
793 0 |g Digitalia eBook Collection:  |a Universidad del Azuay 
776 0 8 |i Print version:  |a Milán, Eduardo, 1952-  |t Tras mutación del cover.  |d Cuenca, Ecuador : Universidad del Azuay, Casa Editora, [2025]  |z 9789942577245 
830 0 |a Litterae (Cuenca, Ecuador).  |p Poesía. 
856 4 0 |3 Digitalia Hispánica  |u https://www.digitaliapublishing.com/a/180886/ 
910 |a Premium collection: 2026